• 首页
  • 本馆介绍
  • 公告通知
  • 最新文献
  • 馆藏检索
  • 电子资源
  • 读者荐购
  • 参考咨询
  • CALIS
  • 我的图书馆
  • 登录
  • 详细信息显示
  • 放入我的书架
  • 预约/预借图书
  • 作者相关作品
  • 分类相关作品
  • 丛书相关作品
  • 出版社相关作品

书目信息

  • 表格格式
  • 工作单格式
  • 卡片格式
书名: Rural escapes
作者: Jo Denbury; et al
分册号:
分册名:
出版地: New York
 
出版社: Ryland Peters & Small
出版时间: 2009
页数: 224p
开本: 29cm
丛书名:
中图分类号:
科图分类号:
其他分类号: TU37
主题词:
电子资源:
 
 
 
 
 
000 00421nam0 2200133 450
001 202012003404
005 20121205085450.0
008 12120501s
020    @a9781845978907@c$24.95
099    @dTU37@eJ621
245    @aRural escapes@b a celebration of North American country homes @cJo Denbury; et al
260 0  @aNew York@b Ryland Peters & Small@c2009
300    @a224p@c29cm
905    @aTSG@b14848-9@dTU37@eJ621
    
    Rural escapes : a celebration of North American country homes / Jo Denbury; et al.-New York : Ryland Peters & Small , 2009
    224p ; 29cm
    
    
    ISBN 9781845978907$24.95
    
●
相关链接 在E读中查询图书 在当当中查询图书 在豆瓣中查询图书


正题名:Rural escapes     索取号:TU37/J621         预约/预借

序号 登录号 条形码 馆藏地/架位号 状态 备注
1 14848   300148481   建筑库101/101建筑库 101排7列2层/ [索取号:TU37/J621] 在馆    
2 14849   300148490   建筑库101/101建筑库 101排7列2层/ [索取号:TU37/J621] 在馆    
河南城建学院图书馆 欢迎您!
大连网信软件有限公司© 版权所有